000 00710nas a2200229 4500
001 BR2016004537
003 BR-BrBNA
005 20231205130801.0
007 ta
008 230509b bl.|||p| |||| 00| 00por d
040 _aBR-BrBNA
_bpor
_cBiblioteca Nacional de Agricultura
041 _a(Pt)
072 _aH10
100 1 _aSantos-Silva, A.
245 1 _aNova espécie de Anacanthus do Brasil (Coleoptera, Cerambycidae, Prioninae, Callipogonini)
650 _aINSETO
650 _aCOLEOPTERA
650 _aESPÉCIE
773 0 _tIheringia. Série Zoologia (Brazil)
_xISSN 0073-4721
_g(Sep 2004), v. 94(3) p. 281-283
_wBR2016004537
909 _a202311
_bLúcia
_c55
_dLúcia Elande
942 _2AGRIS
_n0
_cANA
999 _c251217
_d251217